10 palabras clave en Cristología.

Guardat en:
Dades bibliogràfiques
Autor principal: Bueno de la Fuente, Eloy
Format: Llibre
Idioma:espanyol
Publicat: Pamplona, España Verbo Divino 2000
Matèries:
Etiquetes: Afegir etiqueta
Sense etiquetes, Sigues el primer a etiquetar aquest registre!

MARC

LEADER 00000nam a2200000 a 4500
001 UCL4319
003 CL-VaPUC
005 20210427001411.0
008 040109e20000000SP |||||||||||||||||spa|d
999 |c 307194  |d 307192 
020 |a 8481693928 
040 |c Pontificia Universidad Católica de Valparaíso 
082 0 4 |a 232 BUE 2000  |2 21 
100 0 |a Bueno de la Fuente, Eloy  |9 481814 
245 1 0 |a 10 palabras clave en Cristología. 
260 0 3 |a Pamplona, España  |b Verbo Divino  |c 2000 
300 |a 390 páginas 
583 |a last modification  |c 20130402 08:21:17  |k Rodrigo Vera 
650 0 |a Cristología   |9 315091 
942 |c BK  |2 ddc 
945 |d 20040109 00:00:00  |a cmena 
952 |0 0  |1 0  |2 ddc  |4 0  |6 232_000000000000000_BUE_2000  |7 0  |8 F  |9 372915  |a BIBTEO  |b BIBTEO  |d 2019-11-21  |i 3967905  |o 232 BUE 2000  |p 3967905  |r 2025-01-17  |t 1  |w 2019-11-21  |y BK_F  |k ICR 
952 |0 0  |1 0  |2 ddc  |4 0  |6 232_000000000000000_BUE_2000  |7 0  |8 F  |9 372916  |a BIBTEO  |b BIBTEO  |d 2019-11-21  |i 3957748  |l 1  |o 232 BUE 2000  |p 3957748  |r 2025-01-17  |s 2024-07-12  |t 2  |w 2019-11-21  |y BK_F  |k ICR